Statistics for NFL STADIUM QUIZ

Click here to take the quiz!

General Stats

  • This quiz has been taken 48 times
  • The average score is 21 of 29

Answer Stats

HintAnswer% Correct
Arrowhead StadiumKansas City Chiefs
97%
AT&T StadiumDallas Cowboys
90%
Gillette StadiumNew England Patriots
90%
Soldier FieldChicago Bears
83%
Empower Field at Mile HighDenver Broncos
83%
Ford FieldDetroit Lions
83%
Lambeau FieldGreen Bay Packers
83%
SoFi StadiumLos Angeles Rams / Los Angeles Chargers
83%
Caesars SuperdomeNew Orleans Saints
83%
Mercedes-Benz StadiumAtlanta Falcons
80%
Levi's StadiumSan Francisco 49ers
80%
Lucas Oil StadiumIndianapolis Colts
77%
Hard Rock StadiumMiami Dolphins
77%
MetLife StadiumNew York Giants / New York Jets
77%
State Farm StadiumArizona Cardinals
73%
NRG StadiumHouston Texans
73%
Allegiant StadiumLas Vegas Raiders
73%
Raymond James StadiumTampa Bay Buccaneers
73%
U.S. Bank StadiumMinnesota Vikings
67%
FedExFieldWashington Commanders
67%
Lincoln Financial FieldPhiladelphia Eagles
63%
Lumen FieldSeattle Seahawks
63%
M&T Bank StadiumBaltimore Ravens
60%
Bank of America StadiumCarolina Panthers
60%
Nissan StadiumTennessee Titans
57%
Acrisure StadiumPittsburgh Steelers
50%
Highmark StadiumBuffalo Bills
43%
EverBank StadiumJacksonville Jaguars
43%
Paycor StadiumCincinnati Bengals
40%

Score Distribution

Percentile by Number Answered

Percent of People with Each Score

Your Score History

You have not taken this quiz